| 000 | 01006cam a2200313 a 4500 | ||
|---|---|---|---|
| 001 | 57746 | ||
| 003 | CO-BoRNBP | ||
| 005 | 20250730101145.0 | ||
| 007 | ta | ||
| 008 | 960618s1994 ck a jr 00011dspa d | ||
| 020 | _a9580709297 | ||
| 040 |
_ala _cla |
||
| 041 | 1 |
_aspa _hfre |
|
| 082 | 0 | 4 |
_aI819.3 _bB76r _219 ed. |
| 100 | 1 |
_aBrouillet, Chrystine, _d1958- _945291 |
|
| 245 | 1 | 3 |
_aEl robo del siglo / _cChrystine Brouillet ; ilustraciones de Philippe Brochard ; traducción Juán Manuel Serna. |
| 250 | _a1a. edición | ||
| 300 |
_a94 p. : _bil. ; _c18 cm. |
||
| 336 |
_2rdacontent _atexto _btxt |
||
| 337 |
_2rdamedia _asin mediación _bn |
||
| 338 |
_2rdacarrier _avolumen _bnc |
||
| 650 | 7 |
_aCuentos infantiles canadienses. _2BLAAUTO |
|
| 650 | 7 |
_aRobo _aCuentos infantiles. _2BLAAUTO _961481 |
|
| 650 | 7 |
_aLadrones _vCuentos infantiles. _2BLAAUTO _961482 |
|
| 700 | 1 |
_aBrochard, Philippe, _eil. _961483 |
|
| 700 | 1 |
_aSerna, Juán Manuel, _etr. _961484 |
|
| 942 |
_2ddc _cBK |
||
| 949 |
_an _bn |
||
| 999 |
_c57746 _d57746 |
||